| 000 | 00783nam a22002057a 4500 | ||
|---|---|---|---|
| 999 |
_c11170 _d11170 |
||
| 003 | AR-CdUCM | ||
| 008 | 190403b ||||| |||| 00| 0 spa d | ||
| 040 |
_aMUNICIPALIDAD PROVINCIAL DEL CUSCO _cBIBLIOTECA MUNICIPAL DEL CUSCO |
||
| 082 |
_a985.03 / _bZ42 / 1953 |
||
| 100 |
_aZapata Vidaurre, Francisco _928387 |
||
| 245 | _aEl trabajo en relación con la economía nacional / | ||
| 260 |
_aLima : _bMinisterio de agricultura, _c1953. |
||
| 300 |
_a118 páginas ; _c21 cm. |
||
| 505 | _aEvolución económica a traves de la historia -- Principios fundamentales de la economía -- El trabajo en relación con la economía nacional... | ||
| 650 |
_aEconomía. _9382 |
||
| 650 |
_aTrabajo. _94726 |
||
| 650 |
_aEvolución económica. _928388 |
||
| 942 |
_2ddc _cLIBROS |
||
| 945 | _awfj | ||